00321pab a2200121 454500008004000000100001800040245005700058260000900115300001300124362000800137650002300145773003100168180718b2011 xxu||||| |||| 00| 0 eng d aTukel, Oya I. aKnowledge-salvage practices for dormant R&D projects c2011 ap.59-71. aFeb aProject management aProject Management Journal